000
00244nmm a2200085Ia 4500
008
150209s2015||||xx |||||||||||||||||und||
100
_a
ROCK, JOHN A
245
_a
SURGICAL PROCIDURE DVD TO ACCOMPNCY Te LINDE'S OPERATIVE GYNEACOLOGY
942
_2
ddc
_c
CD
999
_c
5916
_d
5916